|
|
|
|
| LEADER |
00000nam0a2200000 4500 |
| 001 |
165590 |
| 005 |
20231031161836.0 |
| 035 |
|
|
|a (RuTPU)RU\TPU\book\179631
|
| 090 |
|
|
|a 165590
|
| 100 |
|
|
|a 20090921d1980 m y0rusy50 ca
|
| 101 |
0 |
|
|a rus
|
| 102 |
|
|
|a UA
|
| 105 |
|
|
|a a z 001zy
|
| 200 |
1 |
|
|a Энергоаккумулирующие вещества и их использование
|f И. Л. Варшавский
|g Академия наук Украинской ССР (АН УССР), Институт проблем машиностроения им. А. Н. Подгорного (ИПМаш)
|
| 210 |
|
|
|a Киев
|c Наукова думка
|d 1980
|
| 215 |
|
|
|a 240 с.
|c ил.
|
| 320 |
|
|
|a Библиогр.: с. 233-237.
|
| 610 |
1 |
|
|a энергоносители
|
| 610 |
1 |
|
|a природные источники
|
| 610 |
1 |
|
|a энергоаккумулирующие вещества
|
| 610 |
1 |
|
|a реакторы
|
| 610 |
1 |
|
|a компрессоры
|
| 610 |
1 |
|
|a водород
|
| 610 |
1 |
|
|a использование
|
| 610 |
1 |
|
|a тепловые двигатели
|
| 610 |
1 |
|
|a газотурбинные двигатели
|
| 675 |
|
|
|a 662.76
|v 3
|
| 700 |
|
1 |
|a Варшавский
|b И. Л.
|g Илья Львович
|
| 712 |
0 |
2 |
|a Академия наук Украинской ССР (АН УССР)
|b Институт проблем машиностроения им. А. Н. Подгорного (ИПМаш)
|c (Харьков)
|2 stltpush
|3 (RuTPU)RU\TPU\col\11523
|
| 801 |
|
1 |
|a RU
|b 63413507
|c 20090921
|
| 801 |
|
2 |
|a RU
|b 63413507
|c 20100506
|g RCR
|
| 942 |
|
|
|c BK
|